Caledonian gap widens (Record no. 73175)
[ view plain ]
| 000 -LEADER | |
|---|---|
| fixed length control field | 01693cam a2200313 4500 |
| 001 - CONTROL NUMBER | |
| control field | ABS66911 |
| 008 - FIXED-LENGTH DATA ELEMENTS--GENERAL INFORMATION | |
| fixed length control field | 030806n2003 000 0 eng u |
| 035 ## - SYSTEM CONTROL NUMBER | |
| System control number | (Sirsi) u123216 |
| 100 ## - MAIN ENTRY--PERSONAL NAME | |
| Personal name | Connal, C. |
| 245 ## - TITLE STATEMENT | |
| Title | Caledonian gap widens |
| 260 ## - PUBLICATION, DISTRIBUTION, ETC. | |
| Date of publication, distribution, etc. | 2003 |
| 490 ## - SERIES STATEMENT | |
| Series statement | Estates Gazette |
| Volume/sequential designation | (0328) 12 July 2003, 112(1) |
| 520 ## - SUMMARY, ETC. | |
| Summary, etc. | Article discusses the north-south divide in the application of keep-open clauses in the case of "Co-operative Insurance Society Ltd v Argyll Stores (Holdings) Ltd" (CA, Abs57165) and "Highland and Universal Properties Ltd v Safeway Properties Ltd" (CSIH, [2000] 3 EGLR 110). Article highlights that specific performance of a lease was the usual solution against tenants trading in Scotland, but not in England, although the Scottish Courts have set a new benchmark of 'exceptional' loss. |
| 590 ## - LOCAL NOTE (RLIN) | |
| Local note | ABS |
| 650 ## - SUBJECT ADDED ENTRY--TOPICAL TERM | |
| Topical term or geographic name entry element | KEEP OPEN CLAUSES |
| 650 ## - SUBJECT ADDED ENTRY--TOPICAL TERM | |
| Topical term or geographic name entry element | CO-OPERATIVE INSURANCE SOCIETY LTD V ARGYLL STORES (HOLDINGS) LTD |
| 650 ## - SUBJECT ADDED ENTRY--TOPICAL TERM | |
| Topical term or geographic name entry element | HIGHLAND AND UNIVERSAL PROPERTIES LTD V SAFEWAY PROPERTIES LTD |
| 650 ## - SUBJECT ADDED ENTRY--TOPICAL TERM | |
| Topical term or geographic name entry element | LEASES |
| 650 ## - SUBJECT ADDED ENTRY--TOPICAL TERM | |
| Topical term or geographic name entry element | SPECIFIC PERFORMANCE |
| 650 ## - SUBJECT ADDED ENTRY--TOPICAL TERM | |
| Topical term or geographic name entry element | LOSS |
| 650 ## - SUBJECT ADDED ENTRY--TOPICAL TERM | |
| Topical term or geographic name entry element | OAK MALL GREENOCK LTD V MCDONALDS RESTAURANTS LTD |
| 650 ## - SUBJECT ADDED ENTRY--TOPICAL TERM | |
| Topical term or geographic name entry element | RETAIL PROPERTY |
| 650 ## - SUBJECT ADDED ENTRY--TOPICAL TERM | |
| Topical term or geographic name entry element | SCOTLAND |
| 650 ## - SUBJECT ADDED ENTRY--TOPICAL TERM | |
| Topical term or geographic name entry element | ENGLAND |
| 690 ## - LOCAL SUBJECT ADDED ENTRY--TOPICAL TERM (OCLC, RLIN) | |
| Topical term or geographic name as entry element | LANDLORD AND TENANT-LEASES |
| 856 ## - ELECTRONIC LOCATION AND ACCESS | |
| Uniform Resource Identifier | <a href="https://www.publications.parliament.uk/pa/ld199798/ldjudgmt/jd970521/coop01.htm">https://www.publications.parliament.uk/pa/ld199798/ldjudgmt/jd970521/coop01.htm</a> |
| Public note | View "Co-operative Insurance Society Ltd v Argyll Stores (Holdings) Ltd" judgment on HL website... |
| 856 ## - ELECTRONIC LOCATION AND ACCESS | |
| Uniform Resource Identifier | <a href="https://www.scotcourts.gov.uk/opinions/051898.html">https://www.scotcourts.gov.uk/opinions/051898.html</a> |
| Public note | View "Highland and Universal Properties Ltd v Safeway Properties Ltd" judgment on the Scottish Courts website... |
| 942 ## - ADDED ENTRY ELEMENTS (KOHA) | |
| Suppress in OPAC | 0 |
| Withdrawn status | Lost status | Source of classification or shelving scheme | Damaged status | Not for loan | Home library | Current library | Shelving location | Date acquired | Total Checkouts | Full call number | Barcode | Date last seen | Copy number | Price effective from | Koha item type |
|---|---|---|---|---|---|---|---|---|---|---|---|---|---|---|---|
| Dewey Decimal Classification | London | London | Journal article | 06/08/2003 | ABS66911 | 123216-1001 | 06/08/2019 | 1 | 06/08/2019 | Journal article |